Η διαδικασία μετακύλισης τιμής στον ελληνικό αγροδιατροφικό τομέα : η περίπτωση των οπωροκηπευτικών
Αποθηκεύτηκε σε:
| Κύριος συγγραφέας: | |
|---|---|
| Συγγραφή απο Οργανισμό/Αρχή: | |
| Μορφή: | Βιβλίο |
| Γλώσσα: | Greek |
| Δημοσίευση: |
Αθήνα :
Κέντρο Προγραμματισμού και Οικονομικών Ερευνών,
2010
|
| Σειρά: | Studies (Κέντρον Προγραμματισμού και Οικονομικών Ερευνών)
; 69 |
| Θέματα: | |
| Ετικέτες: |
Προσθήκη ετικέτας
Δεν υπάρχουν, Καταχωρήστε ετικέτα πρώτοι!
|
MARC
| LEADER | 00000cam a2200000 i 4500 | ||
|---|---|---|---|
| 001 | 1/12834 | ||
| 008 | 110407s2010 gre d | ||
| 020 | |a 978-960-341-089-8 | ||
| 035 | |l 10109946 | ||
| 040 | |a GR-MY-UA |b gre |e aacr | ||
| 041 | 0 | |a gre | |
| 082 | 0 | |a 338.1309495 |2 (22) | |
| 100 | 1 | |a Ρεζίτη, Ιωάννα. | |
| 245 | 1 | 2 | |a Η διαδικασία μετακύλισης τιμής στον ελληνικό αγροδιατροφικό τομέα : |b η περίπτωση των οπωροκηπευτικών / |c Ιωάννα Ρεζίτη |
| 260 | |a Αθήνα : |b Κέντρο Προγραμματισμού και Οικονομικών Ερευνών, |c 2010 | ||
| 300 | |a 101 σ.; |b πίν., διαγρ.; |c 25 εκ. | ||
| 490 | 1 | |a Μελέτες |v ; 69 | |
| 504 | |a Βιβλιογραφία: σ.91-95 | ||
| 650 | 0 | 0 | |a Agricultural prices |z Greece. |
| 650 | 0 | 0 | |a Farm produce |z Greece. |
| 650 | 0 | 0 | |a Vegetables |x Prices |z Greece. |
| 710 | 2 | |a Κέντρο Προγραμματισμού και Οικονομικών Ερευνών. | |
| 830 | 0 | |a Studies (Κέντρον Προγραμματισμού και Οικονομικών Ερευνών) |v ; 69 | |
| 852 | |a INST |b CHIOS |e 20110407 |h 338.1309495 ΡΕΖ |p 005200031331 |q 005200031331 |t BK |y 0 | ||
| 852 | |a INST |b LESVOS |e 20140527 |h 338.1309495 ΡΕΖ |p 005100054263 |q 005100054263 |t BK |y 0 | ||
| 901 | |a BIBL2-2011-1 | ||
| 901 | |a BIBL1-2014-2 | ||
| 909 | |a Χ |b 149208 | ||
| 909 | |a Λ |b 189084 | ||
| 970 | |a ΣΠΕΝΤΖΑ |b ΕΛΕΝΗ |z 2011/04/07 | ||